AGRIS forestry : World catalogue of information and documentation services .

Bibliographic Details
Corporate Author: Food and Agriculture Organization of the United Nations (FAO)
Other Authors: Bewer
Format: Book
Published: Rome : Food and Agriculture Organization of the United Nations , 1979
Series:FAO forestry paper ; 15
Subjects:

MARC

LEADER 00000cam a2200000 7i4500
001 0000001264
005 20140331.0
020 0 0 |a 9250008104 
090 0 0 |a FAO634.90216   |b AGR 1979 
245 0 0 |a AGRIS forestry :   |b World catalogue of information and documentation services .   |l Agris foresterie :   |b catalogue mondial des services d'information et de documentation .   |l Agris forestal :   |b catálogo mundial de los servicios de información y documentación   |c compiled and edited by Susan Lederer Bewer 
260 0 0 |a Rome :   |b Food and Agriculture Organization of the United Nations ,   |c 1979 
300 |a xiii, 138 p. ;   |c 28 cm. 
440 0 0 |a FAO forestry paper ; 15 
500 0 0 |a Includes indexes 
650 0 0 |a Forests and forestry   |x Documentation   |x Directories 
650 0 0 |a Forests and forestry   |x Information services   |x Directories 
700 0 1 |a Bewer   |h Susan Lederer 
710 1 1 |a Food and Agriculture Organization of the United Nations (FAO) 
998 |a JPSM 
999 |a 0000002170   |b Monograph   |c Food and Agriculture Organization   |e Default branch